El efecto checklist : cómo una simple lista de comprobación reduce errores y salva vidas /

Bibliographic Details
Main Author: Gawande, Atul (Author)
Other Authors: Corriente Basús, Federico (Translator)
Format: Electronic eBook
Language:Spanish
English
Published: Barcelona, España : Antoni Bosch editor, [2011]
Subjects:
Online Access:Digitalia Hispánica

MARC

LEADER 00000nam a2200000Ii 4500
001 DIGANBSCH0018
003 NyNyDIG
006 m o d
007 cr |||||||||||
008 240103s2011 sp ob 000 0 spa d
035 |a (OCoLC)889897256 
040 |a DGITA  |b eng  |e rda  |e pn  |c DGITA 
020 |a 9788495348678  |q eBook 
020 |z 9788495348562 
041 1 |a spa  |h eng 
050 1 4 |a RA399.A1 ebook 
082 0 4 |a 610.289  |2 23 
100 1 |a Gawande, Atul,  |e author. 
240 1 0 |a Checklist manifesto.  |l Spanish  |s (Corriente Basús) 
245 1 3 |a El efecto checklist :  |b cómo una simple lista de comprobación reduce errores y salva vidas /  |c Atul Gawande ; traducción, Federico Corriente Basús. 
264 1 |a Barcelona, España :  |b Antoni Bosch editor,  |c [2011] 
300 |a 1 online resource. 
336 |a text  |b txt  |2 rdacontent 
337 |a computer  |b c  |2 rdamedia 
338 |a online resource  |b cr  |2 rdacarrier 
347 |a text file  |2 rdaft 
347 |b PDF 
504 |a Includes bibliographical references. 
588 0 |a Online resource; title from PDF title page (Digitalia, viewed January 3, 2024) 
650 0 |a Medical care  |x Quality control. 
650 0 |a Lists. 
700 1 |a Corriente Basús, Federico,  |e translator. 
700 1 |i Translation of:  |a Gawande, Atul.  |t Checklist manifesto. 
791 2 |a Digitalia (Firm),  |e distributor. 
793 0 |g Digitalia eBook Collection:  |a Antoni Bosch Editor 
776 0 8 |i Print version:  |a Gawande, Atul.  |s Checklist manifesto. Spanish (Corriente Basús).  |t Efecto checklist.  |d Barcelona, España : Antoni Bosch editor, [2011]  |z 9788495348562 
856 4 0 |3 Digitalia Hispánica  |u https://www.digitaliapublishing.com/a/84041/ 
910 |a Premium collection: 2024